000 01598nam a2200481 i 4500
001 14379
003 KOSZ 005
005 20220427094159.0
008 200423s1972 pl a f 001 0 pol
015 _aPB 1972/4445
035 _a991036299709705066
035 _a(PL-WaBN)b19751928-48omnis_nlop
035 _ab19751928
035 _a(OCoLC)839143133
035 _a(PL)b0000001975192
035 _a(EXLNZ-48OMNIS_NETWORK)9910281565405606
040 _aWA N
_cWA N
_dKOSZ 005/RW
046 _k1972
080 _a658
080 _a62
080 _a(07)
100 1 _aSudoł, Stanisław
_d(1928-2020)
_eAutor
245 1 0 _aEkonomika i organizacja przedsiębiorstwa przemysłowego :
_bzarys popularny /
_cStanisław Sudoł.
260 _aWarszawa :
_bPaństwowe Wydawnictwo Ekonomiczne,
_c1972.
300 _a430, [2] stron :
_bilustracje ;
_c25 cm.
336 _aTekst
_btxt
_2rdacontent
337 _aBez urządzenia pośredniczącego
_bn
_2rdamedia
338 _aWolumin
_bnc
_2rdacarrier
380 _aKsiążki
380 _aPublikacje dydaktyczne
388 _a1901-2000
388 _a1945-1989
504 _aBibliografia przy rozdziałach. Indeks.
650 7 _aPrzedsiębiorstwo
_2DBN
650 7 _aOrganizacja
650 7 _aEkonomika
655 7 _aPodręcznik
658 _aGospodarka, ekonomia, finanse
710 2 _aPaństwowe Wydawnictwo Ekonomiczne
_4pbl
856 _uhttp://koha.tu.koszalin.pl/cgi-bin/koha/opac-detail.pl?biblionumber=14379
_yKatalog online BPK
942 _2UKD
_cKS
999 _c14379
_d14379